A measurement of the Higgs boson mass in the diphoton decay channel; Physics Letters B; Vol. 805

Podrobná bibliografie
Parent link:Physics Letters B
Vol. 805.— 2020.— [135425, 25 p.]
Korporativní autor: Национальный исследовательский Томский политехнический университет Исследовательская школа физики высокоэнергетических процессов
Další autoři: Sirunyan А. М., Tumasyan A. R., Adam W. Wolfgang, Ambrogi F. Federico, Tyurin N. E. Nikolay Evgenjevich, Babaev A. A. Anton Anatoljevich
Shrnutí:Title screen
A measurement of the mass of the Higgs boson in the diphoton decay channel is presented. This analysis is based on 35.9fb-1 of proton-proton collision data collected during the 2016 LHC running period, with the CMS detector at a centre-of-mass energy of 13 TeV. A refined detector calibration and new analysis techniques have been used to improve the precision of this measurement. The Higgs boson mass is measured to be mH=125.78±0.26GeV. This is combined with a measurement of mH already performed in the H->ZZ->4[l] decay channel using the same data set, giving mH=125.46±0.16GeV. This result, when further combined with an earlier measurement of mH using data collected in 2011 and 2012 with the CMS detector, gives a value for the Higgs boson mass of mH=125.38±0.14GeV. This is currently the most precise measurement of the mass of the Higgs boson.
Jazyk:angličtina
Vydáno: 2020
Témata:
On-line přístup:https://doi.org/10.1016/j.physletb.2020.135425
Médium: MixedMaterials Elektronický zdroj Kapitola
KOHA link:https://koha.lib.tpu.ru/cgi-bin/koha/opac-detail.pl?biblionumber=666189

MARC

LEADER 00000naa0a2200000 4500
001 666189
005 20250523150413.0
035 |a (RuTPU)RU\TPU\network\37393 
035 |a RU\TPU\network\34320 
090 |a 666189 
100 |a 20211209d2020 k||y0rusy50 ba 
101 0 |a eng 
135 |a arcn ---uucaa 
181 0 |a i  
182 0 |a b 
200 1 |a A measurement of the Higgs boson mass in the diphoton decay channel  |f А. М. Sirunyan, A. R. Tumasyan, W. Adam [et al.] 
203 |a Text  |c electronic 
300 |a Title screen 
320 |a [References.: 79 tit.] 
330 |a A measurement of the mass of the Higgs boson in the diphoton decay channel is presented. This analysis is based on 35.9fb-1 of proton-proton collision data collected during the 2016 LHC running period, with the CMS detector at a centre-of-mass energy of 13 TeV. A refined detector calibration and new analysis techniques have been used to improve the precision of this measurement. The Higgs boson mass is measured to be mH=125.78±0.26GeV. This is combined with a measurement of mH already performed in the H->ZZ->4[l] decay channel using the same data set, giving mH=125.46±0.16GeV. This result, when further combined with an earlier measurement of mH using data collected in 2011 and 2012 with the CMS detector, gives a value for the Higgs boson mass of mH=125.38±0.14GeV. This is currently the most precise measurement of the mass of the Higgs boson. 
461 |t Physics Letters B 
463 |t Vol. 805  |v [135425, 25 p.]  |d 2020 
610 1 |a электронный ресурс 
610 1 |a труды учёных ТПУ 
610 1 |a CMS 
610 1 |a Higgs 
610 1 |a diphoton 
610 1 |a измерение 
610 1 |a масса 
610 1 |a бозон Хиггса 
610 1 |a распад 
701 1 |a Sirunyan  |b А. М. 
701 1 |a Tumasyan  |b A. R. 
701 1 |a Adam  |b W.  |g Wolfgang 
701 1 |a Ambrogi  |b F.  |g Federico 
701 1 |a Tyurin  |b N. E.  |g Nikolay Evgenjevich 
701 1 |a Babaev  |b A. A.  |c physicist  |c engineer-issledovatelskogo Polytechnic University, candidate of physical and mathematical Sciences  |f 1981-  |g Anton Anatoljevich  |3 (RuTPU)RU\TPU\pers\35154  |9 18420 
712 0 2 |a Национальный исследовательский Томский политехнический университет  |b Исследовательская школа физики высокоэнергетических процессов  |c (2017- )  |3 (RuTPU)RU\TPU\col\23551 
801 2 |a RU  |b 63413507  |c 20211210  |g RCR 
850 |a 63413507 
856 4 |u https://doi.org/10.1016/j.physletb.2020.135425 
942 |c CF